000 00317nam a22001457a 4500
008 211018b ||||| |||| 00| 0 eng d
020 _a9780073370668
041 _aeng
080 _210th
_a159.9
082 _a159.9
100 _a48
101 _aPSI
245 _aSocial Psychology
_cMyers,D.G
942 _2udc
_cBK
999 _c58258
_d58258